Vyčerpávajúci výklad novej koncepcie EHS v oblasti normalizácie Priebežná správa

Saved in:
Bibliographic Details
Main Author: Belka, Ivan
Format: Book
Language:Slovak
Published: Praha Čs. inšt. techn. norm. a akosti 1989
Edition:1. vyd.
Tags: Add Tag
No Tags, Be the first to tag this record!

MARC

LEADER 00000nam a2200000 4500
001 c026246
005 20221215135108.8
041 0 |a slo 
044 |a CZ 
245 1 0 |a Vyčerpávajúci výklad novej koncepcie EHS v oblasti normalizácie  |b Priebežná správa  |c Ivan Belka 
250 |a 1. vyd. 
264 1 |a Praha  |b Čs. inšt. techn. norm. a akosti  |c 1989 
300 |a Prer. s. 
100 1 |a Belka, Ivan